Cyber attacks : (رقم التسجيلة. 33039)

تفاصيل مارك
000 -الفاتح
حقل البيانات ثابتة الطول 01711cam a22003614a 4500
001 - رقم الضبط
رقم الضبط 17105356
003 - محدد رقم الضبط
رقم الضبط OSt
005 - وقت وتاريخ اخر تعامل مع التسجيلة
رقم الضبط 20150408114202.0
008 - عناصر البيانات ثابتة الطول - معلومات عامة
حقل البيانات ثابتة الطول 120105s2013 maua 000 0 eng
010 ## - رقم ضبط مكتبة الكونجرس
رقم ضبط مكتبة الكونجرس 2012000035
020 ## - الرقم الدولى المعيارى للكتب
الرقم الدولى المعيارى للكتاب 9780123918550 (hardback)
040 ## - مصدر الفهرسة
وكالة الفهرسة الأصلية DLC
وكالة النسخ DLC
وكالة التعديل DLC
042 ## - رمز التحقق
رمز التحقق pcc
043 ## - رمز المنطقة الجغرافية
رمز المنطقة الجغرافية n-us---
050 00 - رقم طلب مكتبة الكونجرس
رقم التصنيف HV6773.2
رقم المادة .A47 2013
082 00 - رقم تصنيف ديوى العشرى
رقم التصنيف 363.32590046780973
رقم الطبعة 22
رقم المادة AEC
100 1# - المدخل الرئيسى - إسم شخصى
الإسم الشخصى Amoroso, Edward G.
9 (RLIN) 41813
245 10 - بيان العنوان
العنوان Cyber attacks :
بقية العنوان protecting national infrastructure /
بيان المسئوليه,etc Edward Amoroso, John R. Vacca..
250 ## - بيان الطبعة
بيان الطبعة Student ed.
260 ## - PUBLICATION, DISTRIBUTION, ETC. (IMPRINT)
مكان الناشر او الموزع Waltham, MA :
اسم الناشر او الموزع Butterworth-Heinemann,
تاريخ النشر أو التوزيع 2013.
300 ## - الوصف المادى
التعداد xv, 319 p. :
تفاصيل ماديه اخرى للوعاء ill. ;
أبعاد الوعاء 24 cm.
505 8# - تبصرة محتويات-الفهرس
تبصرة المحتويات المصاغة Machine generated contents note: Chapter One: Introduction Chapter Two: Deception Chapter Three: Separation Chapter Four: Diversity Chapter Five: Consistency Chapter Six: Validation Chapter Seven: Collection Chapter Eight: Correlation Chapter Nine: Obscurity Chapter Ten: Awareness Chapter Eleven: Response Appendix A: Case Studies Appendix B: National Requirements.
520 ## - التبصرة الخاصة بالتعليق أو التلخيص
ملخص,الخ "Ten basic principles that will reduce the risk of cyber attack to national infrastructure in a substantive manner"--
650 #0 - المدخل الاضافى بالموضوع-مصطلح موضوعى
مصطلح موضوعي أو اسم جغرافي كعنصر مدخل Cyberterrorism
التقسيم الفرعي الجغرافي United States
التقسيم الفرعي العام Prevention.
9 (RLIN) 41814
650 #0 - المدخل الاضافى بالموضوع-مصطلح موضوعى
مصطلح موضوعي أو اسم جغرافي كعنصر مدخل Computer networks
التقسيم الفرعي العام Security measures.
650 #0 - المدخل الاضافى بالموضوع-مصطلح موضوعى
مصطلح موضوعي أو اسم جغرافي كعنصر مدخل Cyberspace
التقسيم الفرعي العام Security measures.
9 (RLIN) 41815
650 #0 - المدخل الاضافى بالموضوع-مصطلح موضوعى
مصطلح موضوعي أو اسم جغرافي كعنصر مدخل Computer crimes
التقسيم الفرعي الجغرافي United States
التقسيم الفرعي العام Prevention.
9 (RLIN) 41816
650 #0 - المدخل الاضافى بالموضوع-مصطلح موضوعى
مصطلح موضوعي أو اسم جغرافي كعنصر مدخل National security
التقسيم الفرعي الجغرافي United States.
9 (RLIN) 41817
700 1# - المدخل الاضافى - اسم شخصى
الإسم الشخصى Vacca, John R.
9 (RLIN) 41818
906 ## - عنصر بيانات محلى F, LDF (RLIN)
a 7
b cbc
c orignew
d 1
e ecip
f 20
g y-gencatlg
942 ## - عناصر المدخل الإضافي( كوها)
مصدر التصنيف او مخطط الترفيف Dewey Decimal Classification
Koha [default] item type DVD
المقتنيات
حالة الفقد نموذج السعر الفعال حالة تلف ليس للاعارة رقم الطلب تاريخ الاكتساب الموقع الحالي الفرع الرئيسي Date last seen نوع المادة فى نظام كوها مصدر التصنيف او خطة الترفيف Total Checkouts
  2014-01-08     363.32590046780973 AEC 2014-01-08 المكتبة المركزية بالمجمعة (CL) المكتبة المركزية بالمجمعة (CL) 2014-01-08 كتاب Dewey Decimal Classification